Catálogo

Vista normal Vista MARC

Entrada Personal Name

Número de registros utilizados en: 1

001 - CONTROL NUMBER

  • control field: 17329

003 - CONTROL NUMBER IDENTIFIER

  • control field: DLC

005 - DATE AND TIME OF LATEST TRANSACTION

  • control field: 20250715142847.0

008 - FIXED-LENGTH DATA ELEMENTS

  • fixed length control field: 881205n| azannaabn |a aaa

010 ## - LIBRARY OF CONGRESS CONTROL NUMBER

  • LC control number: no 88005891

035 ## - SYSTEM CONTROL NUMBER

  • System control number: (OCoLC)oca02419625

040 ## - CATALOGING SOURCE

  • Original cataloging agency: DLC-S
  • Language of cataloging: spa
  • Description conventions: rda
  • Transcribing agency: Mx-PuUPA
  • Modifying agency: MoSU
  • Modifying agency: Mx-PuUPA

046 ## - SPECIAL CODED DATES

  • Birth date: 18791018
  • Death date: 19401017
  • Source of date scheme: edtf

100 1# - HEADING--PERSONAL NAME

  • Personal name: Dölger, Franz Joseph,
  • Dates associated with a name: 1879-1940

370 ## - ASSOCIATED PLACE

  • Place of birth: Sulzbach del Meno (Alemania)
  • Place of death: Schweinfurt (Alemania)
  • Associated country: Alemania
  • Other associated place: Bonn (Alemania)
  • Source of term: naf

373 ## - ASSOCIATED GROUP

  • Associated group: Universidad de Bonn
  • Source of term: naf
  • Start period: 1929
  • End period: 1940

374 ## - OCCUPATION

  • Occupation: Teólogo
  • Occupation: Historiador de la iglesia
  • Source of term: lcsh

374 ## - OCCUPATION

  • Occupation: Sacerdote
  • Source of term: lcsh
  • Start period: 19020803
  • End period: 19401017

374 ## - OCCUPATION

  • Occupation: Autor

375 ## - GENDER

  • Gender: hombre

377 ## - ASSOCIATED LANGUAGE

  • Language code: ger

400 1# - SEE FROM TRACING--PERSONAL NAME

  • Personal name: Dölger, Franz Josef,
  • Dates associated with a name: 1879-1940

670 ## - SOURCE DATA FOUND

  • Source citation: Antike und Christentum, 1929:
  • Information found: title page (Dr. Franz Joseph Dölger)

670 ## - SOURCE DATA FOUND

  • Source citation: OCLC, February 22, 2019
  • Information found: (access points: Dölger, Franz Joseph; Dölger, Franz Josef; usage: Franz Joseph Dölger; Franz Jos. Dölger)

670 ## - SOURCE DATA FOUND

  • Source citation: Dölger, Franz Joseph. Sol salutis : Gebet und Gesang im christlichen Altertum. 3. Auflage, 1972:
  • Information found: title page (von Franz Joseph Dölger)

670 ## - SOURCE DATA FOUND

  • Source citation: German Wikipedia, viewed February 22, 2019
  • Information found: (Franz Joseph Dölger; born October 18, 1879, in Sulzbach am Main; died October 17, 1940, in Schweinfurt; Catholic theologian, church historian, and archeaologist with a focus on Christian antiquities; ordained to the Catholic priesthood on August 3, 1902; received his doctorate in 1904 at Würzburg; taught at the Universität Bonn from 1929 to 1940)